000 00555nam a2200205 a 4500
005 20200104041521.0
008 140227b1999 ||||| |||| 00| 0 spa d
041 _aspa
_heng
090 _aLB
_b01435
100 _aSolís, Angel
_912319
245 _aEscarabajos de Costa Rica Beetles
_blas familias más comunes
260 _aSan José
_bINBio
_c1999
300 _a110 p.
650 _aEscarabajos
_912320
650 _aColeoptera
_974
650 _aHistoria natural
_93809
650 _aTaxonomía
_912322
662 _aCosta Rica
942 _cImpreso
_2z
999 _c1443
_d1443